000 00480nam a2200181Ia 4500
008 131103s9999 xx 000 0 und d
020 _a0 033390 355 2
040 _aLoreto College
041 _aEnglish
082 _aF/TAG
_bLCBED/11698
100 _aTagore,Rabindranath
245 _aMashi
_b and other stories
_cRabindranath Tagore
260 _aMadras
_bMacmillan
_c1971
300 _a223p.
_c 18 cm.
650 _aBengali fiction
850 _aLCBED/F/TAG
942 _cBK
999 _c32938
_d83417